000 00509nam a2200169Ia 4500
999 _c14936
_d14936
003 OSt
005 20200615125013.0
008 190216s9999||||xx |||||||||||||| ||und||
020 _a9789382126560
040 _coclc
082 _a305.56880954
_bBIS/D
100 _aBiswal, B K
_92897
245 0 _aDalit And Human Rights /
_cB K Biswal
260 _bAstha Publishers & Distributers,
_c2015.
_aNew Delhi:
300 _a224p
942 _cBK
_2ddc
_h305.56880954
_iBIS/D
_k305.56880954
_mBIS/D